书目信息 |
| 题名: |
安妮琪卡
|
|
| 作者: | 李菲菲 编译 | |
| 分册: | ||
| 出版信息: | 长春 吉林出版集团股份有限公司 2017 |
|
| 页数: | 47页 | |
| 开本: | 23cm | |
| 丛书名: | ||
| 单 册: | ||
| 中图分类: | I525.88 | |
| 科图分类: | ||
| 主题词: | 童话--斯洛伐克--现代--缩写 | |
| 电子资源: | ||
| ISBN: | 978-7-5581-1284-3 | |
| 000 | 00872nam0 2200241 450 | |
| 001 | 012001011869 | |
| 005 | 20140103110003.0 | |
| 010 | @a978-7-5581-1284-3@dCNY27.80 | |
| 100 | @a20190109d2017 cemy0chiy50 ea | |
| 101 | 0 | @achi |
| 102 | @aCN@b220000 | |
| 105 | @aa z 000fy | |
| 106 | @ar | |
| 200 | 1 | @a安妮琪卡@Aan ni qi ka@f(斯洛伐)佚名著@g李菲菲编译 |
| 210 | @a长春@c吉林出版集团股份有限公司@d2017 | |
| 215 | @a47页@c彩图@d23cm | |
| 300 | @a经典童话绘本 | |
| 330 | @a故事主要讲述了外出赶集的父亲为小女儿安妮琪卡带回了三颗核桃,没想到从窗外飞来三只鸽子,每次都用嘴啄开一颗核桃,从中取出一套漂亮的衣服和鞋子。不料,穿着华丽的小女儿被王子看中,二人结为夫妻,过上了幸福甜蜜的生活。 | |
| 606 | 0 | @a童话@y斯洛伐克@z现代@j缩写 |
| 690 | @aI525.88@v5 | |
| 701 | 0 | @a李菲菲@Ali fei fei@4编译 |
| 801 | 0 | @aCN@b上海新华@c20191020 |
| 905 | @b1138972-5@dI525.88@e14@f4 | |
| 安妮琪卡/(斯洛伐)佚名著/李菲菲编译.-长春:吉林出版集团股份有限公司,2017 |
| 47页:彩图;23cm |
| 经典童话绘本 |
| ISBN 978-7-5581-1284-3:CNY27.80 |
| 故事主要讲述了外出赶集的父亲为小女儿安妮琪卡带回了三颗核桃,没想到从窗外飞来三只鸽子,每次都用嘴啄开一颗核桃,从中取出一套漂亮的衣服和鞋子。不料,穿着华丽的小女儿被王子看中,二人结为夫妻,过上了幸福甜蜜的生活。 |
| ● |
| 相关链接 |
|
|
|
|
正题名:安妮琪卡
索取号:I525.88/14
 
预约/预借
| 序号 | 登录号 | 条形码 | 馆藏地/架位号 | 状态 | 备注 |
| 1 | 1138972 | 211389727 | 第一样本阅览室/ [索取号:I525.88/14] | 在馆 | |
| 2 | 1138973 | 211389736 | 教育系资料室/ [索取号:I525.88/14] | 在馆 | |
| 3 | 1138974 | 211389745 | 教育系资料室/ [索取号:I525.88/14] | 在馆 | |
| 4 | 1138975 | 211389754 | 第二借阅区/ [索取号:I525.88/14] | 在馆 |